| 000 | 03802nam a2200301 4500 | ||
|---|---|---|---|
| 003 | EC-UNACH | ||
| 005 | 20251216141312.0 | ||
| 006 | s||||gr|||| 00| 00 | ||
| 008 | 150116t9999 mx r gr 000 0 spa d | ||
| 020 | _a9978-94-112-6 | ||
| 040 |
_aEC-UNACH _cEC-UNACH |
||
| 041 | _aspa | ||
| 082 | 0 | 4 |
_223 _a070.4 _bL018513 |
| 110 | _aFlacso | ||
| 245 | _aLa ciudad, escenario de comunicación | ||
| 250 | _aPrimera edición | ||
| 264 |
_aEcuador _bFlacso _c1999 |
||
| 300 | _a241 | ||
| 505 | _aÍndice PRESENTACION INTRODUCCION, Dorte Wollrad Ciudad, espacio publico y comunicación Ciudad Ciudadanía Espacio publico Comunicación Conclusiones PARTE I GOBIERNO DE LA CIUDAD Y COMUNICACION Políticas urbanas y producción de imágenes de la ciudad contemporánea: un análisis comparative entre Barcelona y Curitiba, Nuria Benach /Fernanda Sánchez Introducción Políticas de promoción de las ciudades y producci6n de imágenes Ciudades-espectáculo: innovación y comunicación ciudadana y construcción del consenso . Algunas consideraciones finales . Comentario, Marfa Arboleda Replica, Nuria Benach y Fernanda Sanche; Gobierno de la ciudad y comunicación, Fernando Carrión Introducción: la ciudad comunicadora Comunicación y ciudad: una realidad dinámica e histórica La ciudad es un medio de comunicación especial Ciudad y comunicaci6n: una relación distante Comentario, Alexandra Ayala La comunicaci6n es estratégica Relaciones sociales, relaciones de comunicación Crear otros escenarios y otras mediaciones Cambiar la forma de comunicación PARTE II CIUDAD, CIUDADANIA Y COMUNICACION Ciudadanos de la ciudad: cambios e incertidumbres comunicativas, Rosa Marfa Alfaro La ciudad sin fronteras: desde la mirada del barrio hacia la política Televisión, radio y prensa en las territorialidades políticas EI ciudadano en repliegue desde la ciudad-noticiero y despolitizada .. La protesta en la ciudad , Cornificaciones políticas de futuros inciertos Comentario, Marena Briones De la oralidad a la escritura Un punto de partida Ciudad y comunicación Dos preguntas claves La respuesta clave Territorio, comunicación e identidad -apuntes sobre la vida urbana-, Mabel Piccini El encuentro de los mundos: heterogeneidad y pluralidad cultural La pulverizaci6n del espacio publico Las tecnologías del poder Marginalidad De la asignación de identidades Territorios audiovisuales: vámonos por la paz La ciudad sin cuerpo y sin cuerpos: comentarios sobre el papel Comunicación intensificada y cultura ciudadana: Ciudadanía cultural y las organizaciones vecinales en la Cultura y territorio: dos conceptos claves para estudiar La preservación de las identidades territoriales: una estrategia de las jergas académicas para estigmatizar 10 urbano, Shanti Pillai .. Abstracciones y llantos Anónimos y reaccionarios Comentario, Pilar Núñez caso Bogotá, Antallas Mokus ciudad de México, Patricia Safa las organizaciones vecinales Ciudadana cultural y la lucha por la ciudad Las demandas vecinales para la democracia Reflexiones finales PARTE III LOS IMAGINARIOS Y LA URBE Ciudad, imaginarios y televisión, Armando Silva Comentario, Máximo Ponce Comentario, Fred)' Rivera Una comunicación con altura: una estrategia de comunicación para la ciudad de La Paz, Adalid Contreras La Paz es una ciudad mixtura La multiplicidad y heterogeneidad de los medios Una ciudad mestiza Principios . . Sistema municipal de comunicación | ||
| 650 | _aPOLITICAS URBANAS | ||
| 650 | _aRELACIONES SOCIALES | ||
| 650 | _aLA PROTESTA EN LA CIUDAD | ||
| 700 | _aFernando Carrión / Dorte Wollrad | ||
| 942 |
_2ddc _c1 |
||
| 999 | _c14310 | ||